000 00235nam a2200097Ia 4500
008 120527s9999 xx 000 0 und d
100 _aYANKELOVICH,Daniel.
245 _aThe magic of dialogue.
260 _bNicholas Breatly
942 _cBK
999 _c23703
_d23703